Khuda Ka Tajassum-O-Khudawand Almasih Ki Uluhiyyat Ke Saboot (Record no. 5958)

MARC details
000 -LEADER
fixed length control field 00609nam a2200241 a 4500
020 ## - INTERNATIONAL STANDARD BOOK NUMBER
ISBN
082 00 - DEWEY DECIMAL CLASSIFICATION NUMBER
Classification number 232.1
Author Cutter HOW
100 ## - MAIN ENTRY--AUTHOR NAME
Author name Howell, Thomas
245 ## - TITLE STATEMENT
Title Khuda Ka Tajassum-O-Khudawand Almasih Ki Uluhiyyat Ke Saboot
260 ## - PUBLICATION, DISTRIBUTION, ETC. (IMPRINT)
Place of publication Lahore
Name of publisher Nool Kishor Press
Year of publication 1908
300 ## - PHYSICAL DESCRIPTION
Number of Pages 40p
500 ## - GENERAL NOTE
General note includes index and biblioraphy
505 2# - FORMATTED CONTENTS NOTE
Formatted contents note Thesis
650 ## - SUBJECT ADDED ENTRY--TOPICAL TERM
Topical Term Jesus Christ-Divinity
942 ## - ADDED ENTRY ELEMENTS (KOHA)
Koha item type Books
700 1# -
-- Howell, Thomas
Holdings
Home library Current library Date acquired Cost, normal purchase price Full call number Accession Number Koha item type
Henry Martyn Institute Library Henry Martyn Institute Library 06/18/2007 100.00 232.1 HOW 6280 Archive Book
                   Copyright © 2026 | Henry Martyn Institute | Hyderabad | TS-500052 | INDIA | Implemented by hmi.edu.in
Hit-Count:

Powered by Koha